000 00314nam a22001457a 4500
020 _a81-8204-018-3
082 _a645
_bSIN
100 _aSINGH, K. K
245 _aNAPKIN FOLDING
260 _aDELHI
_bAMAN PUBLISHER
_c2010
300 _a178
650 _aHOTEL MANAGEMENT
653 _aNAPKIN
942 _2ddc
_cBK
_02
999 _c8088
_d8088